Teplofizičeskije svojstva gazov /

Korporativní autor: Akademija nauk SSSR
Další autoři: Novikov, Ivan Ivanovič, 1916-2014
Jazyk: Ruština
Vydáno: Moskva : Nauka, 1973
Témata:
Fyzický popis: 207 s. : il. ; 26 cm
Knihy
Uloženo v:
LEADER 01165cam a22003372a 4500
001 001771179
003 CZ BrMZK
005 20210416091704.0
007 ta
008 200929s1973 ru a er|||||||||||rus d
040 |a ABA001  |b cze  |c ABA001  |d ABA001  |d ZLD002  |d BOA001 
072 7 |a 544  |x Fyzikální chemie  |2 Konspekt  |9 10 
080 |a 544.277  |2 MRF 
080 |a 620.2-026.65  |2 MRF 
080 |a 536.7  |2 MRF 
080 |a (081)  |2 MRF 
245 0 0 |a Teplofizičeskije svojstva gazov /  |c otv. red. I.I. Novikov 
260 |a Moskva :  |b Nauka,  |c 1973 
300 |a 207 s. :  |b il. ;  |c 26 cm 
504 |a Obsahuje bibliografie a bibliografické odkazy 
550 |a Vydavatel: Akademija nauk SSSR 
650 0 7 |a plyny  |7 ph158541  |2 czenas 
650 0 7 |a tepelné vlastnosti materiálů  |7 ph241640  |2 czenas 
650 0 7 |a termodynamika  |7 ph116437  |2 czenas 
655 7 |a sborníky  |7 fd163935  |2 czenas 
700 1 |a Novikov, Ivan Ivanovič,  |d 1916-2014  |7 jo2007409447  |4 edt 
710 2 |a Akademija nauk SSSR  |7 ko20010094280 
910 |a BOA001  |b 3-0714.313 
990 |a BK 
991 |b 202009 
996 7 |b 2618702469  |c 3-0714.313  |l MZK  |r Sklad / do 1 hodiny  |n 0  |w 001829088  |u 000010  |a 1  |e BOA001  |j MZK50  |s A